00456nam a22001577a 450000500170000001000130001702000250003003500130005503700180006808200060008624500540009226000320014627000650017830000270024349000280027020191107161107.0 aB-730889 a9788181533463c70.00 aB-730889 bRainbow Books aS aRainbow sticker fun snow white and seven dwarfs / aDelhibRainbow Books c2018 aF-32, Strret No.-12, Parwana Road, Jagat PuribDelhie110051 a16p.c27cm (pbk)bill. aSticker fun fairy tales